| 000 | 00958nas a2200289 4500 | ||
|---|---|---|---|
| 001 | BR2012002526 | ||
| 003 | BR-BrBNA | ||
| 005 | 20231205120411.0 | ||
| 007 | ta | ||
| 008 | 230509b bl.|||p| |||| 00| 00por d | ||
| 040 |
_aBR-BrBNA _bpor _cBiblioteca Nacional de Agricultura |
||
| 041 | _a(En) | ||
| 072 | _aL72; L73 | ||
| 100 | 1 | _aFerry, F.R.A. | |
| 100 | 1 | _aFaccini, J.L.H. | |
| 100 | 1 | _aInada, T. | |
| 245 | 1 | _aThe role of ear mites of the genus Raillietia (Acari: Raillietiidae)in otitis of domestic ruminants | |
| 246 | 1 | _aThe role of ear mites of the genus Raillietia (Acari: Raillietiidae)in otitis of domestic ruminants | |
| 650 | _aRUMINANTE | ||
| 650 | _aOUVIDO | ||
| 650 | _aOTITE | ||
| 650 | _aÁCARO | ||
| 650 | _aMAMÍFERO DOMÉSTICO | ||
| 773 | 0 |
_tPesquisa Veterinária Brasileira (Brazil) _xISSN 0100-736X _g(Nov 2011), v. 31(11) p. 981-984 _wBR2012002526 |
|
| 909 |
_a202311 _bLúcia _c55 _dLúcia Elande |
||
| 942 |
_2AGRIS _n0 _cANA |
||
| 999 |
_c218313 _d218313 |
||